000 00726nam a2200193Ia 4500
005 20250508155615.0
008 008 250505s9999 xx 000 0 eng d
037 _aDissertations
040 _aFEDL
_beng
_cFEDL
041 _aeng
_2eng
084 _a371.42, JAN/DI
_qFEDL
100 _aJangid Har Bux
_9767172
245 0 _aDifferential study of vocational preferences at different levels of achievement: A study ascertaining differences in the vocational preferences of low, average and high achievers of 8th grade children of Meerut cantt schools
260 _c1967
300 _a82p.
546 _aM. Ed. Dissertation (Agra University)
942 _cDIS
_h371.42, JAN/DI
999 _c1358180
_d1358180